| 000 | 00704nam a2200241 i 4500 | ||
|---|---|---|---|
| 003 | DO-SdBNP | ||
| 005 | 20230801144923.0 | ||
| 007 | ta | ||
| 008 | 190807s200- dr 000 spa d | ||
| 040 |
_aDO-SdBNP _bspa _cBNPHU _erda |
||
| 082 |
_222 _a345.1 _b R426L |
||
| 110 | 1 |
_aRepública Dominicana _9447 |
|
| 240 | 1 | 0 | _aLeyes, etc. |
| 245 | 0 | _aLey de organización judicial y legislación complementaria. / | |
| 264 |
_aSanto Domingo : _bSin datos _cSin fecha |
||
| 300 |
_a105 páginas _c21 cm. |
||
| 336 |
_2rdacontent _atexto _btxt |
||
| 337 |
_2rdamedia _asin medición _bn |
||
| 338 |
_2rdacarrier _avolumen _bnc |
||
| 590 | _aInventariado, 2023/ YL | ||
| 910 | _aYLockward | ||
| 942 |
_2ddc _cLBS1 |
||
| 999 |
_c48751 _d48751 |
||